| 000 | 00684cam a22001935a 4500 | ||
|---|---|---|---|
| 001 | L155850 | ||
| 008 | 120418s1837 xxk f 000 0 eng d | ||
| 035 | _a(Sirsi) u155850 | ||
| 041 | 0 | _aeng | |
| 100 | 1 |
_aHoppus, E. _q(Edward) _dd. 1739 |
|
| 245 | 0 | 0 |
_aHoppus's tables for measuring, or, Practical measuring made easy _bby a new set of tables ... |
| 250 | _aNew ed., greatly improved and stereotyped | ||
| 260 |
_aLondon _bPrinted for Longman and Co. [etc.] _c1837 |
||
| 300 |
_alx, 226 p., [1] folded leaf of plates _bill. _c22 x 9 cm |
||
| 583 |
_aCondition reviewed _c20120620 _lcondition level 1 |
||
| 651 | 4 |
_aGreat Britain _y1707- |
|
| 690 |
_aMeasurement _96256 |
||
| 942 | _n0 | ||
| 999 |
_c113873 _d113873 |
||